Statistics for Names for People from countries starting with P

Click here to take the quiz!

General Stats

  • This quiz has been taken 25 times
  • The average score is 8 of 9

Answer Stats

HintAnswer% Correct
Eastern EuropePolish
100%
Western EuropePortuguese
100%
Middle EastPakistani
96%
South AmericaParaguayan
96%
South AmericaPeruvian
92%
OceaniaPalauan
88%
Eastern AsiaFilipino
79%
AustralasiaPapua New Guinean
79%
Central AmericaPanamanian
71%

Score Distribution

Percentile by Number Answered

Percent of People with Each Score

Your Score History

You have not taken this quiz